000 00610nam a2200241Ia 4500
003 OSt
005 20220918193345.0
006 a|||||r|||| 00| 0
007 ta
008 220917b |||||||| |||| 00| 0 eng d
024 _a72,739
037 _cTextual
040 _aARTS
_cARTS
_beng
041 _2eng
_aeng
082 _aR40aQ6, L3
100 _aBone Jennifer ed
_981534
245 0 _aGood thinking
260 _aLondon
_bLutter Worth Educations
_c1973
300 _a78p.
_ccm.
650 _aETHICS
942 _hR40aQ6, L3
_cTEXL
_2CC
999 _c198692
_d198692